<?xml version="1.0" encoding="UTF-8"?>
<record
    xmlns:xsi="http://www.w3.org/2001/XMLSchema-instance"
    xsi:schemaLocation="http://www.loc.gov/MARC21/slim http://www.loc.gov/standards/marcxml/schema/MARC21slim.xsd"
    xmlns="http://www.loc.gov/MARC21/slim">

  <leader>01014nam a22002657a 4500</leader>
  <datafield tag="999" ind1=" " ind2=" ">
    <subfield code="c">102101</subfield>
    <subfield code="d">102101</subfield>
  </datafield>
  <controlfield tag="005">20230622155042.0</controlfield>
  <datafield tag="010" ind1=" " ind2=" ">
    <subfield code="a">1617EN ENG-116832</subfield>
  </datafield>
  <datafield tag="020" ind1=" " ind2=" ">
    <subfield code="a">9788131520444</subfield>
    <subfield code="c">925.00</subfield>
  </datafield>
  <datafield tag="035" ind1=" " ind2=" ">
    <subfield code="a">B-650692-700</subfield>
  </datafield>
  <datafield tag="035" ind1=" " ind2=" ">
    <subfield code="a">EN-100364</subfield>
  </datafield>
  <datafield tag="035" ind1=" " ind2=" ">
    <subfield code="a">B-667479</subfield>
  </datafield>
  <datafield tag="037" ind1=" " ind2=" ">
    <subfield code="a">dpl </subfield>
    <subfield code="b">BSB</subfield>
  </datafield>
  <datafield tag="037" ind1=" " ind2=" ">
    <subfield code="b">DBAD/PUB</subfield>
  </datafield>
  <datafield tag="082" ind1=" " ind2=" ">
    <subfield code="a">624.17</subfield>
  </datafield>
  <datafield tag="100" ind1=" " ind2=" ">
    <subfield code="a">Kassimali, Aslam </subfield>
  </datafield>
  <datafield tag="245" ind1=" " ind2=" ">
    <subfield code="a">Structural analysis/ </subfield>
    <subfield code="c">by Aslam Kassimali </subfield>
  </datafield>
  <datafield tag="250" ind1=" " ind2=" ">
    <subfield code="a">5th ed </subfield>
  </datafield>
  <datafield tag="260" ind1=" " ind2=" ">
    <subfield code="a">Delhi</subfield>
    <subfield code="b">Cengage Learning</subfield>
    <subfield code="c">2016 (repr.)</subfield>
  </datafield>
  <datafield tag="270" ind1=" " ind2=" ">
    <subfield code="a">418,F.I.E.Patparganj</subfield>
    <subfield code="b"> Delhi </subfield>
    <subfield code="e">110092</subfield>
    <subfield code="l">-</subfield>
    <subfield code="m">-</subfield>
  </datafield>
  <datafield tag="300" ind1=" " ind2=" ">
    <subfield code="a">xvii,813p. :</subfield>
    <subfield code="c">27cm(pbk)</subfield>
    <subfield code="b">ill</subfield>
  </datafield>
  <datafield tag="500" ind1=" " ind2=" ">
    <subfield code="a">Includes index </subfield>
  </datafield>
  <datafield tag="942" ind1=" " ind2=" ">
    <subfield code="2">ddc</subfield>
    <subfield code="c">EN</subfield>
    <subfield code="m">KAS</subfield>
    <subfield code="h">624.17</subfield>
  </datafield>
  <datafield tag="952" ind1=" " ind2=" ">
    <subfield code="0">0</subfield>
    <subfield code="1">0</subfield>
    <subfield code="4">0</subfield>
    <subfield code="7">0</subfield>
    <subfield code="8">NFIC</subfield>
    <subfield code="a">BN</subfield>
    <subfield code="b">BN</subfield>
    <subfield code="d">2016-12-15</subfield>
    <subfield code="e">DBAD/PUB</subfield>
    <subfield code="g">899.00</subfield>
    <subfield code="l">0</subfield>
    <subfield code="o">624.17 KAS</subfield>
    <subfield code="p">EN-100364</subfield>
    <subfield code="r">2016-12-15 00:00:00</subfield>
    <subfield code="t">1</subfield>
    <subfield code="v">899.00</subfield>
    <subfield code="y">EN</subfield>
  </datafield>
  <datafield tag="952" ind1=" " ind2=" ">
    <subfield code="0">0</subfield>
    <subfield code="1">0</subfield>
    <subfield code="4">0</subfield>
    <subfield code="7">0</subfield>
    <subfield code="8">NFIC</subfield>
    <subfield code="a">BL1</subfield>
    <subfield code="b">BL1</subfield>
    <subfield code="d">2017-02-06</subfield>
    <subfield code="e">BPPD/EN/2016-17/289/24.11.2016/337/2.12.2016/4.1.2017</subfield>
    <subfield code="g">925.00</subfield>
    <subfield code="l">2</subfield>
    <subfield code="o">624.17 KAS</subfield>
    <subfield code="p">B-650693</subfield>
    <subfield code="r">2025-04-15 00:00:00</subfield>
    <subfield code="s">2025-03-24</subfield>
    <subfield code="t">1</subfield>
    <subfield code="v">925.00</subfield>
    <subfield code="y">EN</subfield>
  </datafield>
  <datafield tag="952" ind1=" " ind2=" ">
    <subfield code="0">0</subfield>
    <subfield code="1">0</subfield>
    <subfield code="4">0</subfield>
    <subfield code="7">0</subfield>
    <subfield code="8">NFIC</subfield>
    <subfield code="a">KGM</subfield>
    <subfield code="b">KGM</subfield>
    <subfield code="d">2017-02-06</subfield>
    <subfield code="e">BPPD/EN/2016-17/289/24.11.2016/337/2.12.2016/4.1.2017</subfield>
    <subfield code="g">925.00</subfield>
    <subfield code="l">0</subfield>
    <subfield code="o">624.17 KAS</subfield>
    <subfield code="p">B-650694</subfield>
    <subfield code="r">2017-02-06 00:00:00</subfield>
    <subfield code="t">1</subfield>
    <subfield code="v">925.00</subfield>
    <subfield code="y">EN</subfield>
  </datafield>
  <datafield tag="952" ind1=" " ind2=" ">
    <subfield code="0">0</subfield>
    <subfield code="1">0</subfield>
    <subfield code="4">0</subfield>
    <subfield code="7">0</subfield>
    <subfield code="8">NFIC</subfield>
    <subfield code="a">JP</subfield>
    <subfield code="b">JP</subfield>
    <subfield code="d">2017-02-06</subfield>
    <subfield code="e">BPPD/EN/2016-17/289/24.11.2016/337/2.12.2016/4.1.2017</subfield>
    <subfield code="g">925.00</subfield>
    <subfield code="l">0</subfield>
    <subfield code="o">624.17 KAS</subfield>
    <subfield code="p">B-650695</subfield>
    <subfield code="r">2017-02-06 00:00:00</subfield>
    <subfield code="t">1</subfield>
    <subfield code="v">925.00</subfield>
    <subfield code="y">EN</subfield>
  </datafield>
  <datafield tag="952" ind1=" " ind2=" ">
    <subfield code="0">0</subfield>
    <subfield code="1">0</subfield>
    <subfield code="4">0</subfield>
    <subfield code="7">0</subfield>
    <subfield code="8">NFIC</subfield>
    <subfield code="a">ZLS</subfield>
    <subfield code="b">ZLS</subfield>
    <subfield code="d">2017-02-06</subfield>
    <subfield code="e">BPPD/EN/2016-17/289/24.11.2016/337/2.12.2016/4.1.2017</subfield>
    <subfield code="g">925.00</subfield>
    <subfield code="l">1</subfield>
    <subfield code="o">624.17 KAS</subfield>
    <subfield code="p">B-650696</subfield>
    <subfield code="r">2019-08-17 00:00:00</subfield>
    <subfield code="s">2019-08-03</subfield>
    <subfield code="t">1</subfield>
    <subfield code="v">925.00</subfield>
    <subfield code="y">EN</subfield>
  </datafield>
  <datafield tag="952" ind1=" " ind2=" ">
    <subfield code="0">0</subfield>
    <subfield code="1">0</subfield>
    <subfield code="4">0</subfield>
    <subfield code="7">0</subfield>
    <subfield code="8">NFIC</subfield>
    <subfield code="a">NR</subfield>
    <subfield code="b">NR</subfield>
    <subfield code="d">2017-02-06</subfield>
    <subfield code="e">BPPD/EN/2016-17/289/24.11.2016/337/2.12.2016/4.1.2017</subfield>
    <subfield code="g">925.00</subfield>
    <subfield code="l">0</subfield>
    <subfield code="o">624.17 KAS</subfield>
    <subfield code="p">B-650697</subfield>
    <subfield code="r">2017-02-06 00:00:00</subfield>
    <subfield code="t">1</subfield>
    <subfield code="v">925.00</subfield>
    <subfield code="y">EN</subfield>
  </datafield>
  <datafield tag="952" ind1=" " ind2=" ">
    <subfield code="0">0</subfield>
    <subfield code="1">0</subfield>
    <subfield code="4">0</subfield>
    <subfield code="7">0</subfield>
    <subfield code="8">NFIC</subfield>
    <subfield code="a">BN</subfield>
    <subfield code="b">BN</subfield>
    <subfield code="d">2017-02-06</subfield>
    <subfield code="e">BPPD/EN/2016-17/289/24.11.2016/337/2.12.2016/4.1.2017</subfield>
    <subfield code="g">925.00</subfield>
    <subfield code="l">2</subfield>
    <subfield code="m">1</subfield>
    <subfield code="o">624.17 KAS</subfield>
    <subfield code="p">B-650698</subfield>
    <subfield code="r">2019-05-11 00:00:00</subfield>
    <subfield code="s">2019-04-13</subfield>
    <subfield code="t">1</subfield>
    <subfield code="v">925.00</subfield>
    <subfield code="y">EN</subfield>
  </datafield>
  <datafield tag="952" ind1=" " ind2=" ">
    <subfield code="0">0</subfield>
    <subfield code="1">0</subfield>
    <subfield code="4">0</subfield>
    <subfield code="7">0</subfield>
    <subfield code="8">NFIC</subfield>
    <subfield code="a">BL4</subfield>
    <subfield code="b">BL4</subfield>
    <subfield code="d">2017-02-06</subfield>
    <subfield code="e">BPPD/EN/2016-17/289/24.11.2016/337/2.12.2016/4.1.2017</subfield>
    <subfield code="g">925.00</subfield>
    <subfield code="l">1</subfield>
    <subfield code="o">624.17 KAS</subfield>
    <subfield code="p">B-650699</subfield>
    <subfield code="r">2021-09-09 00:00:00</subfield>
    <subfield code="s">2020-12-23</subfield>
    <subfield code="t">1</subfield>
    <subfield code="v">925.00</subfield>
    <subfield code="y">EN</subfield>
  </datafield>
  <datafield tag="952" ind1=" " ind2=" ">
    <subfield code="0">0</subfield>
    <subfield code="1">0</subfield>
    <subfield code="4">0</subfield>
    <subfield code="7">0</subfield>
    <subfield code="8">NFIC</subfield>
    <subfield code="a">YV</subfield>
    <subfield code="b">YV</subfield>
    <subfield code="d">2017-02-06</subfield>
    <subfield code="e">BPPD/EN/2016-17/289/24.11.2016/337/2.12.2016/4.1.2017</subfield>
    <subfield code="g">925.00</subfield>
    <subfield code="l">0</subfield>
    <subfield code="o">624.17 KAS</subfield>
    <subfield code="p">B-650700</subfield>
    <subfield code="r">2017-02-06 00:00:00</subfield>
    <subfield code="t">1</subfield>
    <subfield code="v">925.00</subfield>
    <subfield code="y">EN</subfield>
  </datafield>
  <datafield tag="952" ind1=" " ind2=" ">
    <subfield code="0">0</subfield>
    <subfield code="1">0</subfield>
    <subfield code="4">0</subfield>
    <subfield code="7">0</subfield>
    <subfield code="8">NFIC</subfield>
    <subfield code="a">L</subfield>
    <subfield code="b">L</subfield>
    <subfield code="d">2017-02-22</subfield>
    <subfield code="e">BPPD/EN/2016-17/289/24.11.2016/337/2.12.2016/4.1.2017</subfield>
    <subfield code="g">925.00</subfield>
    <subfield code="l">11</subfield>
    <subfield code="m">4</subfield>
    <subfield code="o">624.17 KAS</subfield>
    <subfield code="p">B-650692</subfield>
    <subfield code="r">2023-02-08 00:00:00</subfield>
    <subfield code="s">2022-12-19</subfield>
    <subfield code="t">1</subfield>
    <subfield code="v">925.00</subfield>
    <subfield code="y">EN</subfield>
  </datafield>
  <datafield tag="952" ind1=" " ind2=" ">
    <subfield code="0">0</subfield>
    <subfield code="1">0</subfield>
    <subfield code="4">0</subfield>
    <subfield code="7">0</subfield>
    <subfield code="8">NFIC</subfield>
    <subfield code="a">AV</subfield>
    <subfield code="b">AV</subfield>
    <subfield code="d">2017-05-30</subfield>
    <subfield code="e">BPPD/EN/2016-17/AV/455/15.2.2017/559/3.3.2017/17.3.2017</subfield>
    <subfield code="g">925.00</subfield>
    <subfield code="l">2</subfield>
    <subfield code="o">624.17 KAS</subfield>
    <subfield code="p">B-667479</subfield>
    <subfield code="r">2023-08-09 00:00:00</subfield>
    <subfield code="s">2023-07-13</subfield>
    <subfield code="t">1</subfield>
    <subfield code="v">925.00</subfield>
    <subfield code="w">2017-05-30</subfield>
    <subfield code="y">EN</subfield>
  </datafield>
</record>
